<?xml version="1.0" encoding="UTF-8"?>
<record
    xmlns:xsi="http://www.w3.org/2001/XMLSchema-instance"
    xsi:schemaLocation="http://www.loc.gov/MARC21/slim http://www.loc.gov/standards/marcxml/schema/MARC21slim.xsd"
    xmlns="http://www.loc.gov/MARC21/slim">

  <leader>01104nam a2200217   4500</leader>
  <datafield tag="952" ind1=" " ind2=" ">
    <subfield code="0">0</subfield>
    <subfield code="1">0</subfield>
    <subfield code="4">0</subfield>
    <subfield code="7">0</subfield>
    <subfield code="a">23</subfield>
    <subfield code="b">23</subfield>
    <subfield code="d">2016-06-07</subfield>
    <subfield code="l">0</subfield>
    <subfield code="o">PE1128.A2 S63 2001</subfield>
    <subfield code="p">23 000754</subfield>
    <subfield code="r">2016-06-07</subfield>
    <subfield code="t">1</subfield>
    <subfield code="w">2016-06-07</subfield>
    <subfield code="y">LB</subfield>
  </datafield>
  <datafield tag="999" ind1=" " ind2=" ">
    <subfield code="c">100009</subfield>
    <subfield code="d">100009</subfield>
  </datafield>
  <controlfield tag="005">20231102151937.0</controlfield>
  <controlfield tag="008">160607s2001    nyua|||| |||| 00| 0 eng d</controlfield>
  <datafield tag="020" ind1=" " ind2=" ">
    <subfield code="a">0194353753</subfield>
  </datafield>
  <datafield tag="050" ind1=" " ind2="4">
    <subfield code="a">PE1128.A2</subfield>
    <subfield code="b">S63 2001</subfield>
  </datafield>
  <datafield tag="100" ind1="1" ind2=" ">
    <subfield code="a">Soars, Liz</subfield>
    <subfield code="d">1945-</subfield>
    <subfield code="e">autor</subfield>
  </datafield>
  <datafield tag="245" ind1="1" ind2="0">
    <subfield code="a">American Headway. </subfield>
    <subfield code="b">Students Book 1</subfield>
    <subfield code="c">/ Liz Soars and John Soars</subfield>
  </datafield>
  <datafield tag="260" ind1="3" ind2=" ">
    <subfield code="a">Oxford, England</subfield>
    <subfield code="a"> ; New York, USA</subfield>
    <subfield code="b">: Oxford University Press</subfield>
    <subfield code="c">, 2001</subfield>
  </datafield>
  <datafield tag="300" ind1=" " ind2=" ">
    <subfield code="a">154 p&#xE1;ginas</subfield>
    <subfield code="b">: ilustraciones</subfield>
  </datafield>
  <datafield tag="500" ind1=" " ind2=" ">
    <subfield code="a">Includes index</subfield>
  </datafield>
  <datafield tag="505" ind1="1" ind2=" ">
    <subfield code="a">Hello everybody
Metting people
The world of work
Take it easy
Where do you live?
Can you speak English?
Then and now
How long ago?
Food you like
Bigger and better&#xA1;
Looking good&#xA1;
Life's an adventure
You are pretty smart
Have you ever?
Getting information
Tapescripts
Grammar reference
Word list</subfield>
  </datafield>
  <datafield tag="519" ind1=" " ind2=" ">
    <subfield code="a">Material complementario / </subfield>
    <subfield code="b">Enfermer&#xED;a / </subfield>
    <subfield code="d">(23 000754)</subfield>
  </datafield>
  <datafield tag="650" ind1="1" ind2="4">
    <subfield code="a">INGL&#xC9;S</subfield>
    <subfield code="x">ESTUDIO Y ENSE&#xD1;ANZA</subfield>
    <subfield code="x">LIBROS DE TEXTO</subfield>
  </datafield>
  <datafield tag="700" ind1="1" ind2=" ">
    <subfield code="a">Soars, John</subfield>
    <subfield code="e">autor</subfield>
  </datafield>
  <datafield tag="942" ind1=" " ind2=" ">
    <subfield code="c">LB</subfield>
    <subfield code="2">lcc</subfield>
  </datafield>
</record>
